000 00512nam a2200169Ia 4500
003 LDD
008 190117s9999 xx 000 0 und d
020 _c₹30
040 _cLDD
041 _ahi
082 _a8H1.709 न 1664 मै
100 _aनगेन्द्र
245 0 _aमैथिलीशरण गुप्त
_bपुनर्मूल्यांकन
_cनगेन्द्र
260 _aदिल्ली
_bप्रभात
_c1986
300 _a116प्र.
942 _2ddc
_cH
999 _c161879
_d161879